[Event "Watson Farley Williams Challenge"]
[Site "London"]
[Date "1990.04.29"]
[Round "9"]
[White "Hebden, Mark L"]
[Black "Chandler, Murray G"]
[Result "1/2-1/2"]
[WhiteElo "2530"]
[BlackElo "2585"]
[PlyCount "50"]
[EventDate "1990.04.18"]
[EventType "tourn"]
[EventRounds "13"]
[EventCountry "ENG"]
[EventCategory "11"]
[SourceTitle "BritBase"]
[Source "John Saunders"]
[SourceDate "2023.06.27"]
[SourceVersion "1"]
[SourceVersionDate "2023.06.27"]
[SourceQuality "1"]

1. d4 Nf6 2. Nf3 e6 3. c4 b6 4. g3 Ba6 5. b3 Bb4+ 6. Bd2 Be7 7. Bg2 c6 8. Bc3
d5 9. Nbd2 Nbd7 10. O-O O-O 11. Qc2 Rc8 12. Rfe1 c5 13. Qb2 cxd4 14. Nxd4 e5
15. Nc2 d4 16. Bb4 Nc5 17. Qa3 Qd6 18. Rad1 Rc7 19. Qxa6 Nxa6 20. Bxd6 Bxd6 21.
e3 Nb4 22. Nxb4 Bxb4 23. exd4 exd4 24. Re5 Rd8 25. Ne4 Nxe4 1/2-1/2

[Event "Watson Farley Williams Challenge"]
[Site "London"]
[Date "1990.04.29"]
[Round "9"]
[White "King, Daniel John"]
[Black "Wolff, Patrick G"]
[Result "0-1"]
[WhiteElo "2515"]
[BlackElo "2500"]
[PlyCount "56"]
[EventDate "1990.04.18"]
[EventType "tourn"]
[EventRounds "13"]
[EventCountry "ENG"]
[EventCategory "11"]
[SourceTitle "BritBase"]
[Source "John Saunders"]
[SourceDate "2023.06.27"]
[SourceVersion "1"]
[SourceVersionDate "2023.06.27"]
[SourceQuality "1"]

1. e4 c5 2. Nf3 e6 3. d4 cxd4 4. Nxd4 Nc6 5. Nc3 d6 6. Be2 Nf6 7. O-O Be7 8.
Be3 O-O 9. f4 a6 10. a4 Qc7 11. Qe1 Nb4 12. Rc1 b6 13. Kh1 Bb7 14. Bf3 d5 15.
e5 Ne4 16. Bxe4 dxe4 17. Qg3 Nc6 18. Qf2 Na5 19. Rce1 Rad8 20. Nxe6 fxe6 21.
Bxb6 e3 22. Bxc7 exf2 23. Rxf2 Bh4 24. Ree2 Bxf2 25. Rxf2 Nc4 26. Bxd8 Rxd8 27.
b3 Ne3 28. Kg1 Rc8 0-1

[Event "Watson Farley Williams Challenge"]
[Site "London"]
[Date "1990.04.29"]
[Round "9"]
[White "Larsen, Bent"]
[Black "Levitt, Jonathan P"]
[Result "1-0"]
[WhiteElo "2550"]
[BlackElo "2465"]
[PlyCount "103"]
[EventDate "1990.04.18"]
[EventType "tourn"]
[EventRounds "13"]
[EventCountry "ENG"]
[EventCategory "11"]
[SourceTitle "BritBase"]
[Source "John Saunders"]
[SourceDate "2023.06.27"]
[SourceVersion "1"]
[SourceVersionDate "2023.06.27"]
[SourceQuality "1"]

1. Nf3 Nf6 2. c4 b6 3. g3 Bb7 4. Bg2 e6 5. O-O Be7 6. Nc3 O-O 7. d4 Ne4 8. Bd2
f5 9. Qc2 Bf6 10. Rad1 d6 11. d5 Bxc3 12. Bxc3 Nxc3 13. Qxc3 e5 14. b4 Nd7 15.
Nd2 a5 16. a3 Qe7 17. Nb3 a4 18. Nc1 e4 19. f4 exf3 20. exf3 f4 21. Rde1 Qf6
22. Ne2 Qxc3 23. Nxc3 Ne5 24. Re4 g5 25. Nb5 Ba6 26. Nxc7 Bxc4 27. Nxa8 Bxf1
28. gxf4 gxf4 29. Bxf1 Rxa8 30. Rxf4 Rc8 31. b5 Rc2 32. Bh3 Ra2 33. Be6+ Kg7
34. Rxa4 Nxf3+ 35. Kf1 Nxh2+ 36. Ke1 Nf3+ 37. Kd1 h5 38. Kc1 Kg6 39. Ra6 Nd4
40. Kb1 Re2 41. Rxb6 Kf6 42. Rb8 h4 43. b6 h3 44. Bxh3 Re3 45. Bd7 Rxa3 46. b7
Rb3+ 47. Ka2 Rb6 48. Bc6 Ra6+ 49. Kb2 Rb6+ 50. Kc3 Nxc6 51. dxc6 Rxc6+ 52. Kd4
1-0

[Event "Watson Farley Williams Challenge"]
[Site "London"]
[Date "1990.04.29"]
[Round "9"]
[White "Motwani, Paul"]
[Black "Frias Pablaza, Victor J"]
[Result "0-1"]
[WhiteElo "2470"]
[BlackElo "2495"]
[PlyCount "90"]
[EventDate "1990.04.18"]
[EventType "tourn"]
[EventRounds "13"]
[EventCountry "ENG"]
[EventCategory "11"]
[SourceTitle "BritBase"]
[Source "John Saunders"]
[SourceDate "2023.06.27"]
[SourceVersion "1"]
[SourceVersionDate "2023.06.27"]
[SourceQuality "1"]

1. e4 c5 2. Nf3 d6 3. d4 cxd4 4. Nxd4 Nf6 5. Nc3 Nc6 6. Be3 e5 7. Nf3 Be7 8.
Bc4 O-O 9. h3 Na5 10. Bb3 h6 11. O-O Nxb3 12. axb3 a6 13. Nd2 b5 14. Nxb5 Bxh3
15. Nc3 Bg4 16. f3 Be6 17. Nc4 Nh5 18. Qd2 Bxc4 19. bxc4 Bh4 20. g4 Nf4 21.
Rfd1 Bg5 22. Qxd6 Ne6 23. Bf2 Qf6 24. Qd3 h5 25. Nd5 Qh6 26. Qf1 Rfd8 27. Qh3
g6 28. gxh5 Kg7 29. b4 Nf4 30. Nxf4 Bxf4 31. b5 axb5 32. cxb5 Rxa1 33. Rxa1 Rd2
34. Kf1 Be3 35. Be1 Bd4 36. Bxd2 Qxd2 37. h6+ Kh7 38. Qg2 Qxg2+ 39. Kxg2 Bxa1
40. b6 Bd4 41. b7 Ba7 42. c4 Kxh6 43. c5 Kg5 44. Kg3 Bb8 45. Kf2 Kf6 0-1

[Event "Watson Farley Williams Challenge"]
[Site "London"]
[Date "1990.04.29"]
[Round "9"]
[White "Watson, William Nicholas"]
[Black "Hodgson, Julian M"]
[Result "1/2-1/2"]
[WhiteElo "2470"]
[BlackElo "2540"]
[PlyCount "69"]
[EventDate "1990.04.18"]
[EventType "tourn"]
[EventRounds "13"]
[EventCountry "ENG"]
[EventCategory "11"]
[SourceTitle "BritBase"]
[Source "John Saunders"]
[SourceDate "2023.06.27"]
[SourceVersion "1"]
[SourceVersionDate "2023.06.27"]
[SourceQuality "1"]

1. e4 e6 2. d4 d5 3. Nc3 dxe4 4. Nxe4 Bd7 5. Nf3 Bc6 6. Bd3 Nd7 7. Qe2 Be7 8.
O-O Ngf6 9. Neg5 Bxf3 10. Qxf3 c6 11. Re1 Qa5 12. c3 O-O 13. Qg3 g6 14. Qh3
Rfe8 15. Bd2 Bf8 16. Re2 Bg7 17. a3 Nf8 18. Rae1 Rad8 19. Bc4 Qc7 20. Qh4 Qe7
21. Nf3 Nh5 22. Qe4 Nf6 23. Qh4 Nh5 24. Qh3 Qc7 25. Qg4 b5 26. Ba2 c5 27. dxc5
Qxc5 28. Be3 Qc7 29. Qb4 a6 30. a4 Rb8 31. axb5 axb5 32. Bb1 Nd7 33. g3 Bf8 34.
Qh4 b4 35. Bd4 1/2-1/2

[Event "Watson Farley Williams Challenge"]
[Site "London"]
[Date "1990.04.30"]
[Round "10"]
[White "Frias Pablaza, Victor J"]
[Black "Watson, William Nicholas"]
[Result "1-0"]
[WhiteElo "2495"]
[BlackElo "2470"]
[PlyCount "103"]
[EventDate "1990.04.18"]
[EventType "tourn"]
[EventRounds "13"]
[EventCountry "ENG"]
[EventCategory "11"]
[SourceTitle "BritBase"]
[Source "John Saunders"]
[SourceDate "2023.06.27"]
[SourceVersion "1"]
[SourceVersionDate "2023.06.27"]
[SourceQuality "1"]

1. Nf3 Nf6 2. c4 g6 3. Nc3 Bg7 4. d4 O-O 5. g3 c6 6. Bg2 d5 7. cxd5 cxd5 8. Ne5
e6 9. Bg5 Qb6 10. Qd2 Nfd7 11. Be3 Qd8 12. Nxd7 Bxd7 13. Bh6 Bxh6 14. Qxh6 Nc6
15. e3 Rc8 16. O-O Qe7 17. Rfd1 f5 18. Qf4 g5 19. Qf3 Kg7 20. Qe2 Na5 21. Rac1
Qb4 22. g4 fxg4 23. Qxg4 Kh8 24. Nxd5 Qxb2 25. Rxc8 Bxc8 26. Qxg5 Qxf2+ 27. Kh1
Qf5 28. Qxf5 exf5 29. Rc1 Be6 30. Nc7 Bxa2 31. Ra1 Rc8 32. Rxa2 Rxc7 33. Rxa5
Rc1+ 34. Bf1 Rxf1+ 35. Kg2 Re1 36. Kf2 Rh1 37. Kg2 Re1 38. Kf3 Rf1+ 39. Ke2 Rh1
40. Rxf5 Rxh2+ 41. Kd3 Kg7 42. e4 Rh3+ 43. Kc4 Re3 44. e5 Re4 45. Kd5 Re3 46.
e6 a5 47. Kd6 a4 48. Rg5+ Kf8 49. Ra5 a3 50. Ra8+ Kg7 51. e7 b5 52. Rxa3 1-0

[Event "Watson Farley Williams Challenge"]
[Site "London"]
[Date "1990.04.30"]
[Round "10"]
[White "Hodgson, Julian M"]
[Black "King, Daniel John"]
[Result "1/2-1/2"]
[WhiteElo "2540"]
[BlackElo "2515"]
[PlyCount "81"]
[EventDate "1990.04.18"]
[EventType "tourn"]
[EventRounds "13"]
[EventCountry "ENG"]
[EventCategory "11"]
[SourceTitle "BritBase"]
[Source "John Saunders"]
[SourceDate "2023.06.27"]
[SourceVersion "1"]
[SourceVersionDate "2023.06.27"]
[SourceQuality "1"]

1. g3 g6 2. Bg2 Bg7 3. c4 e5 4. Nc3 f5 5. d3 Nf6 6. f4 d6 7. Nf3 Nc6 8. O-O O-O
9. e3 Kh8 10. Rb1 exf4 11. gxf4 d5 12. cxd5 Nxd5 13. Nxd5 Qxd5 14. b3 Qd6 15.
Bb2 Be6 16. Qd2 Bd5 17. Bxg7+ Kxg7 18. Qc3+ Qf6 19. Rbc1 Rad8 20. Kf2 Rfe8 21.
h4 Re7 22. a3 a5 23. h5 Rd6 24. Rg1 Qxc3 25. Rxc3 Kf6 26. Rgc1 Rdd7 27. d4 Bxf3
28. Bxf3 Nd8 29. b4 axb4 30. axb4 c6 31. b5 cxb5 32. Rb3 Nf7 33. Rxb5 g5 34.
Rcc5 Nd6 35. Rb6 gxf4 36. exf4 Re6 37. Kf1 Ne4 38. Rxe6+ Kxe6 39. Re5+ Kf6 40.
Bxe4 fxe4 41. Rb5 1/2-1/2

[Event "Watson Farley Williams Challenge"]
[Site "London"]
[Date "1990.04.30"]
[Round "10"]
[White "Kosten, Anthony C"]
[Black "Motwani, Paul"]
[Result "1-0"]
[WhiteElo "2485"]
[BlackElo "2470"]
[PlyCount "119"]
[EventDate "1990.04.18"]
[EventType "tourn"]
[EventRounds "13"]
[EventCountry "ENG"]
[EventCategory "11"]
[SourceTitle "BritBase"]
[Source "John Saunders"]
[SourceDate "2023.06.27"]
[SourceVersion "1"]
[SourceVersionDate "2023.06.27"]
[SourceQuality "1"]

1. e4 e5 2. Nf3 Nc6 3. Bc4 Bc5 4. O-O Nf6 5. d3 a6 6. c3 Ba7 7. Nbd2 O-O 8. Bb3
d6 9. Nc4 h6 10. Re1 Re8 11. Be3 b5 12. Ncd2 Na5 13. Bc2 c5 14. h3 d5 15. Nf1
dxe4 16. dxe4 Nc4 17. Qxd8 Rxd8 18. Bc1 Bb7 19. Ng3 Re8 20. a4 b4 21. a5 bxc3
22. bxc3 Bc6 23. Bd3 Bb5 24. Bxc4 Bxc4 25. Be3 Bd3 26. Nd2 c4 27. Nf5 Bxe3 28.
Nxe3 Rac8 29. f3 Rc5 30. Ra4 Rec8 31. Rea1 Nd7 32. Nd5 Kf8 33. Rb4 Nf6 34. Ne3
Rb5 35. Raa4 Rcc5 36. Rxb5 axb5 37. Rb4 Ke7 38. a6 Rc6 39. Rxb5 Rxa6 40. Rxe5+
Kf8 41. Rc5 Ra1+ 42. Kh2 Rc1 43. Rc8+ Ne8 44. Nd5 Rc2 45. Nxc4 Bxc4 46. Rxc4 f6
47. Rc6 Kf7 48. c4 Rd2 49. h4 h5 50. Kg3 g5 51. hxg5 fxg5 52. c5 Rc2 53. Rc8
Rc1 54. c6 h4+ 55. Kh2 g4 56. fxg4 Nd6 57. Rc7+ Kg6 58. Re7 Kg5 59. c7 Kxg4 60.
Rg7+ 1-0

[Event "Watson Farley Williams Challenge"]
[Site "London"]
[Date "1990.04.30"]
[Round "10"]
[White "Levitt, Jonathan P"]
[Black "Flear, Glenn C"]
[Result "0-1"]
[WhiteElo "2465"]
[BlackElo "2470"]
[PlyCount "80"]
[EventDate "1990.04.18"]
[EventType "tourn"]
[EventRounds "13"]
[EventCountry "ENG"]
[EventCategory "11"]
[SourceTitle "BritBase"]
[Source "John Saunders"]
[SourceDate "2023.06.27"]
[SourceVersion "1"]
[SourceVersionDate "2023.06.27"]
[SourceQuality "1"]

1. d4 d5 2. c4 e6 3. Nc3 c6 4. Nf3 dxc4 5. a4 Bb4 6. e3 b5 7. Bd2 Bb7 8. axb5
Bxc3 9. Bxc3 cxb5 10. b3 a5 11. bxc4 b4 12. Bb2 Nf6 13. Bd3 Nbd7 14. O-O O-O
15. Qc2 Qc7 16. e4 e5 17. c5 Ba6 18. Rfc1 exd4 19. Bxd4 Bxd3 20. Qxd3 Qc6 21.
Bxf6 Nxf6 22. Rc4 Rfd8 23. Qc2 Rab8 24. Nd4 Qxe4 25. Qxe4 Nxe4 26. Nc6 Nd2 27.
Rc2 Nb3 28. Rb1 Nd4 29. Nxd4 Rxd4 30. c6 Kf8 31. Kf1 a4 32. c7 Rc8 33. Rc6 b3
34. Re1 g6 35. Re5 b2 36. Rb6 Rd1+ 37. Re1 Rxe1+ 38. Kxe1 a3 39. Rb8 Ke7 40.
Rxc8 b1=Q+ 0-1

[Event "Watson Farley Williams Challenge"]
[Site "London"]
[Date "1990.05.01"]
[Round "11"]
[White "Flear, Glenn C"]
[Black "Hebden, Mark L"]
[Result "0-1"]
[WhiteElo "2470"]
[BlackElo "2530"]
[PlyCount "84"]
[EventDate "1990.04.18"]
[EventType "tourn"]
[EventRounds "13"]
[EventCountry "ENG"]
[EventCategory "11"]
[SourceTitle "BritBase"]
[Source "John Saunders"]
[SourceDate "2023.06.27"]
[SourceVersion "1"]
[SourceVersionDate "2023.06.27"]
[SourceQuality "1"]

1. d4 Nf6 2. c4 g6 3. Nc3 Bg7 4. e4 d6 5. Be2 O-O 6. Nf3 e5 7. O-O Nc6 8. d5
Ne7 9. Nd2 Ne8 10. b4 f5 11. c5 Kh8 12. f3 f4 13. Nc4 h5 14. a4 g5 15. Ba3 Rf6
16. b5 dxc5 17. Bxc5 Rg6 18. h3 Ng8 19. Qd3 Nh6 20. Nd1 g4 21. fxg4 hxg4 22.
hxg4 Nxg4 23. Nf2 Nh6 24. Rfd1 Qg5 25. Bf3 b6 26. Bb4 Ng4 27. Nxg4 Bxg4 28. Kf2
Nf6 29. Rh1+ Kg8 30. Rag1 Bf8 31. Bxf8 Rxf8 32. Qc3 Re8 33. Qd3 Bd7 34. Kf1 Qg3
35. d6 Ng4 36. Qc2 cxd6 37. Bxg4 Bxg4 38. Nxd6 Rxd6 39. Rh3 Red8 40. Qc4+ Be6
41. Rxg3+ fxg3 42. Qc3 Bg4 0-1

[Event "Watson Farley Williams Challenge"]
[Site "London"]
[Date "1990.05.01"]
[Round "11"]
[White "King, Daniel John"]
[Black "Frias Pablaza, Victor J"]
[Result "1-0"]
[WhiteElo "2515"]
[BlackElo "2495"]
[PlyCount "29"]
[EventDate "1990.04.18"]
[EventType "tourn"]
[EventRounds "13"]
[EventCountry "ENG"]
[EventCategory "11"]
[SourceTitle "BritBase"]
[Source "John Saunders"]
[SourceDate "2023.06.27"]
[SourceVersion "1"]
[SourceVersionDate "2023.06.27"]
[SourceQuality "1"]

1. e4 c5 2. Nf3 d6 3. d4 cxd4 4. Nxd4 Nf6 5. Nc3 Nc6 6. Be2 e5 7. Nf3 Be7 8.
Bg5 O-O 9. O-O Be6 10. Bxf6 Bxf6 11. Nd5 Rc8 12. c3 Bg5 13. Nxg5 Qxg5 14. Qd3
Ne7 15. Qg3 1-0

[Event "Watson Farley Williams Challenge"]
[Site "London"]
[Date "1990.05.01"]
[Round "11"]
[White "Larsen, Bent"]
[Black "Chandler, Murray G"]
[Result "1/2-1/2"]
[WhiteElo "2550"]
[BlackElo "2585"]
[PlyCount "95"]
[EventDate "1990.04.18"]
[EventType "tourn"]
[EventRounds "13"]
[EventCountry "ENG"]
[EventCategory "11"]
[SourceTitle "BritBase"]
[Source "John Saunders"]
[SourceDate "2023.06.27"]
[SourceVersion "1"]
[SourceVersionDate "2023.06.27"]
[SourceQuality "1"]

1. Nf3 c5 2. g3 Nc6 3. c4 g6 4. Bg2 Bg7 5. O-O e6 6. Nc3 Nge7 7. d3 O-O 8. Bg5
h6 9. Bd2 b6 10. a3 Bb7 11. Rb1 d5 12. cxd5 Nxd5 13. Qc1 Kh7 14. b4 Nd4 15.
Nxd4 cxd4 16. Nxd5 Rc8 17. Qb2 Bxd5 18. Bxd5 Qxd5 19. Rfc1 h5 20. Rc2 Qd7 21.
Rbc1 b5 22. f3 Rfe8 23. Kg2 Kg8 24. h3 Red8 25. Qb3 Kh7 26. Qb2 Kg8 27. Bg5 Re8
28. Rc5 Rxc5 29. Rxc5 Rc8 30. Qc1 Rxc5 31. bxc5 Qc6 32. Be7 Bf8 33. Qg5 Qc7 34.
Bxf8 Kxf8 35. c6 Qxc6 36. Qd8+ Qe8 37. Qxd4 a5 38. Qh8+ Ke7 39. Qc3 a4 40. Qc5+
Kf6 41. g4 hxg4 42. hxg4 Qd7 43. Qc3+ Ke7 44. e4 Qd6 45. d4 Kd7 46. Kf2 Qh2+
47. Ke3 Qg1+ 48. Ke2 1/2-1/2

[Event "Watson Farley Williams Challenge"]
[Site "London"]
[Date "1990.05.01"]
[Round "11"]
[White "Motwani, Paul"]
[Black "Levitt, Jonathan P"]
[Result "1/2-1/2"]
[WhiteElo "2470"]
[BlackElo "2465"]
[PlyCount "22"]
[EventDate "1990.04.18"]
[EventType "tourn"]
[EventRounds "13"]
[EventCountry "ENG"]
[EventCategory "11"]
[SourceTitle "BritBase"]
[Source "John Saunders"]
[SourceDate "2023.06.27"]
[SourceVersion "1"]
[SourceVersionDate "2023.06.27"]
[SourceQuality "1"]

1. g3 d5 2. Bg2 c6 3. Nf3 Nf6 4. d3 h6 5. O-O Bf5 6. b3 e6 7. Bb2 Be7 8. Nbd2
O-O 9. Qe1 Bh7 10. e4 a5 11. a4 Na6 1/2-1/2

[Event "Watson Farley Williams Challenge"]
[Site "London"]
[Date "1990.05.01"]
[Round "11"]
[White "Tisdall, Jonathan D"]
[Black "Hodgson, Julian M"]
[Result "1-0"]
[WhiteElo "2480"]
[BlackElo "2540"]
[PlyCount "71"]
[EventDate "1990.04.18"]
[EventType "tourn"]
[EventRounds "13"]
[EventCountry "ENG"]
[EventCategory "11"]
[SourceTitle "BritBase"]
[Source "John Saunders"]
[SourceDate "2023.06.27"]
[SourceVersion "1"]
[SourceVersionDate "2023.06.27"]
[SourceQuality "1"]

1. d4 b5 2. e4 Bb7 3. Nd2 a6 4. Ngf3 Nf6 5. Bd3 e6 6. O-O c5 7. c3 Be7 8. dxc5
Bxc5 9. e5 Nd5 10. Ne4 Be7 11. a4 Nc6 12. Nd6+ Bxd6 13. exd6 Qb8 14. Re1 O-O
15. axb5 axb5 16. Rxa8 Bxa8 17. Qe2 Qxd6 18. Bxb5 f5 19. Rd1 Qc7 20. c4 Nf6 21.
Be3 h6 22. Bc5 Rf7 23. Bd6 Qb7 24. Qf1 Ne4 25. Bxc6 dxc6 26. Ne5 Rf6 27. c5 Kh7
28. f3 Ng5 29. Qc4 Qxb2 30. h4 Nf7 31. Nd7 Bb7 32. Be7 Bc8 33. Bxf6 gxf6 34.
Qxe6 Kg7 35. Qxc6 Bxd7 36. Qxd7 1-0

[Event "Watson Farley Williams Challenge"]
[Site "London"]
[Date "1990.05.01"]
[Round "11"]
[White "Watson, William Nicholas"]
[Black "Kosten, Anthony C"]
[Result "1-0"]
[WhiteElo "2470"]
[BlackElo "2485"]
[PlyCount "89"]
[EventDate "1990.04.18"]
[EventType "tourn"]
[EventRounds "13"]
[EventCountry "ENG"]
[EventCategory "11"]
[SourceTitle "BritBase"]
[Source "John Saunders"]
[SourceDate "2023.06.27"]
[SourceVersion "1"]
[SourceVersionDate "2023.06.27"]
[SourceQuality "1"]

1. e4 e6 2. d4 d5 3. Nc3 Bb4 4. e5 c5 5. a3 Bxc3+ 6. bxc3 Qa5 7. Bd2 Qa4 8. Qb1
c4 9. Nf3 Nc6 10. g3 Nge7 11. h4 Bd7 12. h5 h6 13. Bh3 O-O-O 14. O-O Rdf8 15.
Re1 g6 16. Qc1 Ng8 17. Qd1 Nce7 18. Rb1 Kb8 19. Rb4 Qc6 20. Qe2 Re8 21. Nh2 Nf5
22. Reb1 Bc8 23. Qg4 Nge7 24. Qf3 Ng7 25. Ng4 Nxh5 26. Nxh6 Ref8 27. g4 g5 28.
Bxg5 Ng8 29. gxh5 Nxh6 30. Qf6 Rfg8 31. Kf1 Nf5 32. Bxf5 Rxh5 33. f4 Qe8 34.
Bg4 Rh1+ 35. Kf2 Rxb1 36. Rxb1 Rg6 37. Qe7 Qxe7 38. Bxe7 Rxg4 39. Bg5 Kc7 40.
Kf3 Rxg5 41. fxg5 Kd8 42. Kg4 Ke7 43. Kh5 Kf8 44. Kh6 Kg8 45. g6 1-0

[Event "Watson Farley Williams Challenge"]
[Site "London"]
[Date "1990.05.02"]
[Round "12"]
[White "Chandler, Murray G"]
[Black "Wolff, Patrick G"]
[Result "1/2-1/2"]
[WhiteElo "2585"]
[BlackElo "2500"]
[PlyCount "60"]
[EventDate "1990.04.18"]
[EventType "tourn"]
[EventRounds "13"]
[EventCountry "ENG"]
[EventCategory "11"]
[SourceTitle "BritBase"]
[Source "John Saunders"]
[SourceDate "2023.06.27"]
[SourceVersion "1"]
[SourceVersionDate "2023.06.27"]
[SourceQuality "1"]

1. e4 c5 2. Nf3 e6 3. d4 cxd4 4. Nxd4 Nc6 5. Nb5 d6 6. c4 Nf6 7. N1c3 a6 8. Na3
b6 9. Be2 Bb7 10. Be3 Be7 11. Qb3 Nd7 12. O-O O-O 13. Rfd1 Nc5 14. Qc2 Qc7 15.
Rac1 Rfd8 16. Qb1 Ne5 17. f3 Rac8 18. Nc2 Ncd7 19. Nd4 Qb8 20. b3 Nf6 21. Kh1
Re8 22. Qb2 Bd8 23. Bg1 Ng6 24. Bf1 Bc7 25. a4 h5 26. b4 h4 27. Re1 Nh5 28. Qd2
d5 29. Qa2 dxc4 30. Bxc4 Bf4 1/2-1/2

[Event "Watson Farley Williams Challenge"]
[Site "London"]
[Date "1990.05.02"]
[Round "12"]
[White "Frias Pablaza, Victor J"]
[Black "Tisdall, Jonathan D"]
[Result "1-0"]
[WhiteElo "2495"]
[BlackElo "2480"]
[PlyCount "71"]
[EventDate "1990.04.18"]
[EventType "tourn"]
[EventRounds "13"]
[EventCountry "ENG"]
[EventCategory "11"]
[SourceTitle "BritBase"]
[Source "John Saunders"]
[SourceDate "2023.06.27"]
[SourceVersion "1"]
[SourceVersionDate "2023.06.27"]
[SourceQuality "1"]

1. Nf3 f5 2. g3 Nf6 3. Bg2 g6 4. O-O Bg7 5. b3 O-O 6. Bb2 d6 7. d4 a5 8. Nbd2
Nc6 9. Nc4 a4 10. d5 Nb4 11. Ne3 a3 12. Bc3 Na6 13. Nd4 Bd7 14. Rb1 Nc5 15. Ba1
Qe8 16. b4 Nce4 17. c4 c6 18. Nb3 Ng5 19. f4 Nge4 20. dxc6 bxc6 21. Nd2 Qf7 22.
Nxe4 Nxe4 23. Bxg7 Qxg7 24. Bxe4 fxe4 25. b5 cxb5 26. cxb5 Be6 27. Qd2 Qf7 28.
Ra1 Rfb8 29. Qb4 Bxa2 30. f5 g5 31. Qxe4 Bb3 32. f6 exf6 33. Ng4 Kh8 34. Nxf6
Ra4 35. Qd3 Ra5 36. Qc3 1-0

[Event "Watson Farley Williams Challenge"]
[Site "London"]
[Date "1990.05.02"]
[Round "12"]
[White "Hebden, Mark L"]
[Black "Motwani, Paul"]
[Result "1-0"]
[WhiteElo "2530"]
[BlackElo "2470"]
[PlyCount "137"]
[EventDate "1990.04.18"]
[EventType "tourn"]
[EventRounds "13"]
[EventCountry "ENG"]
[EventCategory "11"]
[SourceTitle "BritBase"]
[Source "John Saunders"]
[SourceDate "2023.06.27"]
[SourceVersion "1"]
[SourceVersionDate "2023.06.27"]
[SourceQuality "1"]

1. d4 f5 2. g3 Nf6 3. Bg2 g6 4. c3 Bg7 5. Qb3 d5 6. Nh3 O-O 7. Nf4 e6 8. h4 c5
9. h5 gxh5 10. Nd2 cxd4 11. cxd4 Nc6 12. Nf3 Qe7 13. Bd2 Bd7 14. e3 Rfc8 15.
Nxh5 Nxh5 16. Rxh5 a5 17. a3 a4 18. Qd3 Qe8 19. Rh2 Na5 20. Bf1 Nc4 21. Bc3 Nd6
22. Nd2 Bb5 23. Qb1 Ra6 24. Qd1 Bxf1 25. Kxf1 b5 26. Kg2 Rac6 27. Qe2 Nc4 28.
Nxc4 Rxc4 29. Rah1 h6 30. Rd1 Qg6 31. Rhh1 Kf7 32. Bb4 Bf6 33. Qf3 Rh8 34. Rc1
Qg4 35. Qxg4 fxg4 36. b3 axb3 37. Rb1 Kg6 38. Rxb3 e5 39. dxe5 Bxe5 40. Ba5 Rb8
41. Rhb1 Ra4 42. Bb4 d4 43. exd4 Bxd4 44. Rd3 Bf6 45. Rd6 Kf7 46. Rh1 Kg6 47.
Rc1 Ra7 48. Rcc6 Rf7 49. Bc3 Rbf8 50. Rb6 Kg7 51. Bb4 Rc8 52. Bd2 Rc2 53. Be3
Bg5 54. Bd4+ Kg8 55. Rxb5 Re7 56. a4 Rc1 57. Bb2 Rb1 58. Bf6 Rxb5 59. axb5 Bxf6
60. Rxf6 Kg7 61. Rf4 h5 62. b6 Rb7 63. Rb4 Kf6 64. f3 Ke5 65. fxg4 hxg4 66. Kf2
Kd5 67. Ke3 Kc5 68. Rb3 Rf7 69. Ke4 1-0

[Event "Watson Farley Williams Challenge"]
[Site "London"]
[Date "1990.05.02"]
[Round "12"]
[White "Hodgson, Julian M"]
[Black "Adams, Michael"]
[Result "1/2-1/2"]
[WhiteElo "2540"]
[BlackElo "2555"]
[PlyCount "21"]
[EventDate "1990.04.18"]
[EventType "tourn"]
[EventRounds "13"]
[EventCountry "ENG"]
[EventCategory "11"]
[SourceTitle "BritBase"]
[Source "John Saunders"]
[SourceDate "2023.06.27"]
[SourceVersion "1"]
[SourceVersionDate "2023.06.27"]
[SourceQuality "1"]

1. d4 Nf6 2. Nf3 e6 3. Bg5 h6 4. Bh4 b6 5. e3 Bb7 6. Nbd2 Be7 7. Bd3 c5 8. c3
d6 9. Bxf6 Bxf6 10. O-O O-O 11. b4 1/2-1/2

[Event "Watson Farley Williams Challenge"]
[Site "London"]
[Date "1990.05.02"]
[Round "12"]
[White "Kosten, Anthony C"]
[Black "King, Daniel John"]
[Result "0-1"]
[WhiteElo "2485"]
[BlackElo "2515"]
[PlyCount "100"]
[EventDate "1990.04.18"]
[EventType "tourn"]
[EventRounds "13"]
[EventCountry "ENG"]
[EventCategory "11"]
[SourceTitle "BritBase"]
[Source "John Saunders"]
[SourceDate "2023.06.27"]
[SourceVersion "1"]
[SourceVersionDate "2023.06.27"]
[SourceQuality "1"]

1. e4 c5 2. Nf3 d6 3. d4 cxd4 4. Nxd4 Nf6 5. Nc3 a6 6. Bd3 Nbd7 7. O-O e6 8.
Kh1 g6 9. f4 Bg7 10. f5 Ne5 11. a4 b6 12. Qe1 Qe7 13. Qh4 h6 14. Be3 Nfg4 15.
Qxe7+ Kxe7 16. Bg1 Bb7 17. fxe6 fxe6 18. h3 Nf6 19. Rfe1 Rac8 20. Rad1 g5 21.
Bh2 Nfd7 22. Nd5+ exd5 23. Nf5+ Kf6 24. Nxd6 Nxd3 25. Rxd3 Nc5 26. exd5 Kg6 27.
Rdd1 a5 28. Nxc8 Bxc8 29. b3 Bf5 30. Re2 Rc8 31. d6 h5 32. c4 Rd8 33. Be5 Ne4
34. Rd5 Bxe5 35. Rxe4 Bxe4 36. Rxe5 Bc2 37. Rd5 Bxb3 38. Rb5 Bxc4 39. Rxb6 Kf5
40. Kh2 Ke5 41. Rc6 Bd5 42. Ra6 Rxd6 43. Rxa5 Rc6 44. g4 Rc2+ 45. Kg1 hxg4 46.
hxg4 Rg2+ 47. Kf1 Rxg4 48. Ra7 Rb4 49. a5 Kf4 50. Rd7 Bc6 0-1

[Event "Watson Farley Williams Challenge"]
[Site "London"]
[Date "1990.05.02"]
[Round "12"]
[White "Larsen, Bent"]
[Black "Flear, Glenn C"]
[Result "1/2-1/2"]
[WhiteElo "2550"]
[BlackElo "2470"]
[PlyCount "57"]
[EventDate "1990.04.18"]
[EventType "tourn"]
[EventRounds "13"]
[EventCountry "ENG"]
[EventCategory "11"]
[SourceTitle "BritBase"]
[Source "John Saunders"]
[SourceDate "2023.06.27"]
[SourceVersion "1"]
[SourceVersionDate "2023.06.27"]
[SourceQuality "1"]

1. c4 e6 2. Nc3 d5 3. d4 c6 4. e3 Nf6 5. Nf3 Nbd7 6. Be2 Bd6 7. O-O O-O 8. b3
b6 9. Bb2 Bb7 10. Qb1 c5 11. cxd5 exd5 12. a4 Re8 13. a5 Ne4 14. Rd1 bxa5 15.
Nxe4 dxe4 16. Nd2 Re6 17. g3 cxd4 18. Bxd4 Bb4 19. Nc4 Bc6 20. Qb2 Qg5 21. h4
Qf5 22. Bc3 Bxc3 23. Qxc3 Rf6 24. Qe1 a4 25. bxa4 Nc5 26. Nd6 Qe5 27. Nc4 Qf5
28. Nd6 Qe5 29. Nc4 1/2-1/2